000 00653nam a22002417a 4500
005 20170124110037.0
010 _a806506
020 _c00.00
035 _a806506
037 _bCen Lib/Ret
040 _aDPL
_bEN
082 _a940.3
_bLIP
100 _aLipson, E.
_922940
245 _aEurope in the 19th & 20th centuries :
_cby E. Lipson
_b1815-1939 /
250 _a8th ed
260 _aLondon
_bEnglish Language Book Society
_c1972
270 _bLondon
300 _a504p.
_c22cm(Hb)
500 _aIncludes index
650 _aHistory
_zEurope
_922941
650 _aWorld war
_922942
942 _2ddc
_cEN
_h940.3
_mLIP
999 _c128288
_d128288